Qui sont ces médaillés asiatiques aux JO et JOP 2024 ? #1 - Statistiques

Statistiques générales
  • Ce quiz a été pris 5 fois
  • Le résultat moyen est 16 sur 32
Statistiques - réponses
Par images Hint Réponse % Correct
Qatar - Athlétisme Mutaz Essa Barshim
100%
Israël - Para Natation Ami Omer Dadaon
67%
Iran - Taekwondo Arian Salimi
67%
Japon - Judo Hifumi Abe
67%
Japon - Tennis de Table Hina Hayata
67%
Japon - Escrime Koki Kano
67%
Hong Kong - Escrime Kong Man Wai Vivian
67%
Japon - Lutte Kotaro Kiyooka
67%
Azerbaïdjan - Para Athlétisme Lamiya Valiyeva
67%
Corée du Sud - Tir à l'Arc Lim Sihyeon
67%
Chine - Para Cyclisme Li Zhangyu
67%
Inde - Tir Manu Bhaker
67%
Chine - Natation Pan Zhanle
67%
Chine - Tennis de Table Sun Yingsha
67%
Chine - Para Athlétisme Wen Xiaoyan
67%
Turquie - Tir Yusuf Dikeç
67%
Ouzbekistan - Boxe Abdumalik Khalokov
33%
Corée du Sud - Badminton An Se Young
33%
Pakistan - Athlétisme Arshad Nadeem
33%
Inde - Para Tir Sportif Avani Lekhara
33%
Chine - Para Tennis de Table Feng Panfeng
33%
Corée du Sud - Boccia Howon Jeong
33%
Chine - Para Natation Jiang Yuyan
33%
Japon - Para Natation Keiichi Kimura
33%
Géorgie - Judo Lasha Bekauri
33%
Taïwan - Boxe Lin Yu Ting
33%
Singapour - Para Natation Pin Xiu Yip
33%
Chine - Tir Sheng Lihao
33%
Israël -Voile Tom Reuveny
33%
Indonésie - Escalade Veddriq Leonardo
33%
Thaïlande - Boccia Worawut Saengampa
33%
Japon - Para Judo Yujiro Seto
33%
Aucun quiz correspondant
Distribution des résultats
% des personnes avec chaque résultat
Percentile par nombre de réponses
Votre historique - résultats
Vous n’avez pas pris ce quiz